| LEADER 00000nam 2200000uu 4500 |
| 001 39262 |
| 003 ULIBM |
| 008 020711s2568 th a 000 0 tha d |
| 060 วจ.WM 30.6 ณ329ผ |
| 100 ณัฐิยา ชมพูบุตร |
| 245 ผลการสร้างการมีส่วนร่วมของครอบครัวและชุมชนในการดูแลผู้ป่วยจิตเวชที่มีความเสี่ยงสูงต่อการก่อความรุนแรง (SMI-V)=The results of of creating family and community participation in caring for Psychiatric patients with Serious Mental Illness with High Risk to Violence (SMI-V/ณัฐิยา ชมพูบุตร |
| 250 พิมพ์ครั้งที่ 1 |
| 260 อุบลราชธานี :^bโรงพยาบาลพระศรีมหาโพธิ์,^c2568 |
| 300 119 หน้า ;^c30 ซม. |
| 650 ผู้ป่วยจิตเวชที่มีความเสี่ยงสูงต่อความรุนแรง--การดูแล |
| 650 ครอบครัว -- การมีส่วนร่วมในการดูแลผู้ป่วยผู้ป่วยจิตเวช |
| 650 ชุมชน--การมีส่วนร่วมในการดูแลผู้ป่วยผู้ป่วยจิตเวช |
| 650 ความรุนแรง -- การป้องกันและควบคุม |
| 650 โปรแกรมส่งเสริมการทำหน้าที่ของครอบครัวและชุมชน |
| 700 พัชนี พิมพบุตร |
| 700 สุภาภรณ์ ทองเบ็ญจมาศ |
| 700 สมศรี บุญเมตตา |